Name the Vocaloid* Song by Screenshot #1 - Statistics

General Stats
  • This quiz has been taken 269 times
  • The average score is 7 of 16
Answer Stats
Picture Answer % Correct
Triple Baka (LamazeP)
88%
Ghost Rule (Deco*27)
81%
World is Mine (Ryo)
79%
Rolling Girl (Wowaka)
76%
Venom (Kairiki Bear)
69%
BRING IT ON! (Giga)
66%
Lagtrain (Inabakumori)
64%
Donut Hole (Hachi)
38%
My R (KurageP)
38%
Butcher Vanity (Vane Lily)
35%
SLoWMoTIoN (PinocchioP)
28%
Empurple (Harumaki Gohan)
25%
Coward Montblanc (Deco*27)
19%
Digital Girl (Kira)
14%
Stardust Utopia (Otetsu)
13%
Packet Hero (Maretu)
8%
No matching quizzes found
Score Distribution
Percent of People with Each Score
Percentile by Number Answered
Your Score History
You have not taken this quiz